| 000 | 00639nam a2200193 a 4500 | ||
|---|---|---|---|
| 001 | 000027902 | ||
| 005 | 20200930031204.0 | ||
| 008 | 110405s2001 dr 000 0 spa d | ||
| 020 | _a99934240702 | ||
| 040 |
_aDO-SdBNP _bspa _cBNPHU |
||
| 100 | 1 |
_aRondón, Pura Emeterio _930799 |
|
| 245 | 1 | 3 |
_aEl derecho a la identidad y su expresión literaria / _cPura Emiterio Rondón. |
| 260 |
_aSanto Domingo : _bCentro Cultural Proveda, _c2001. |
||
| 300 |
_a58 p. ; _c28 cm. |
||
| 490 | 1 |
_aCuaderno de Sociedad y Educación _v15 |
|
| 504 | _aBibliografía : p. 55 -58 | ||
| 830 | 0 |
_aCuaderno de Sociedad y Educación _n15 _954972 |
|
| 049 | _aBNPD | ||
| 999 |
_c27394 _d27394 |
||